Normal view
MARC view
Entry Geographic Name
001 - CONTROL NUMBER
- control field: 25650
003 - CONTROL NUMBER IDENTIFIER
- control field: ARRUPE
005 - DATE AND TIME OF LATEST TRANSACTION
- control field: 20160913100231.0
008 - FIXED-LENGTH DATA ELEMENTS
- fixed length control field: 160913|| aca||aabn | a|a d
040 ## - CATALOGING SOURCE
- Original cataloging agency: ARRUPE
- Transcribing agency: ARRUPE
151 ## - HEADING--GEOGRAPHIC NAME
- Geographic name: Tanzania
- General subdivision: Social policy.
670 ## - SOURCE DATA FOUND
- Source citation: Work cat.: (ARRUPE)0: Resnick, Idrian N. 25649, The long transition :, c1981.